000 00625nam a2200205Ii 4500
003 JO-AjNU
008 230605s9999||||xx |||||||||||||| ||und||
040 _aJO-AjNU
_bara
_erda
_cJO-AjNU
041 _aara
050 1 4 _aPJ7864.A57.Q5 1967
100 3 _aالطنطاوي، علي,
_eauthor
_938703
245 0 0 _aقصص من التاريخ
250 _aط3
264 3 1 _aد.م: المكتب الإسلامي، 1967
300 _a264ص
336 _atext
_btxt
_2rdacontent
337 _aunmediated
_bn
_2rdamedia
338 _avolume
_bnc
_2rdacarrier
650 4 _aالأدب العربي - قصص تاريخية
_938704
999 _aA16283
_c19851
_d19851